Rozbíjali monarchiu populárny slovník osobností česko-slovenského odboja 1914-1918

Gespeichert in:
Bibliographische Detailangaben
1. Verfasser: Švorc, Peter, 1957- (Verfasst von)
Format: Buch
Sprache:Slowakisch
Veröffentlicht: Košice Východoslovenské vydavateľstvo 1992
Ausgabe:1. vyd.
Schlagworte:
Online-Zugang:Im OPAC anzeigen
Tags: Tag hinzufügen
Keine Tags, Fügen Sie das erste Tag hinzu!

MARC

LEADER 00000cam a2200000 a 4500
005 20260127134105.0
008 161006s1992 xo 00000dslo
015 |a SNBA1992/10 
020 |a 8023400096 
035 |a vtls001069387 
035 |a SNK000012217 
039 9 |a 201909191206  |b csnk01  |c 201909191203  |d csnk01  |c 201610061537  |d VLOAD  |c 201603221106  |d VLOAD  |y 200412240239  |z VLOAD 
040 |a SNK  |b slo  |c SNK  |d STUSCHK1  |e AACR2 
041 0 |a slo 
044 |a xo  |c SK 
080 |a 929:323.27(437)"1914/1918"(031)=854  |2 1981 
080 |a 323.27-051(437)"1914/1918"(031)=854  |2 1981 
080 |a 323.17(436+439)  |1 981 
100 1 |a Švorc, Peter,  |d 1957-  |4 aut  |9 803 
245 1 0 |a Rozbíjali monarchiu  |b populárny slovník osobností česko-slovenského odboja 1914-1918  |c Peter Švorc 
250 |a 1. vyd. 
260 |a Košice  |b Východoslovenské vydavateľstvo  |c 1992  |e Košice  |f Východoslovenské tlačiarne 
300 |a 176 s.  |b fotogr.  |c 24 cm 
504 |a Obsahuje bibliografiu na s. 158-160 
650 0 7 |a prvá svetová vojna (1914-1918)  |2 SNKPH 
650 0 7 |a protirakúsky odboj  |2 SNKPH 
650 0 7 |a politici  |2 SNKPH 
650 0 7 |a osobnosti  |2 SNKPH 
651 7 |a Česko  |2 SNKPHgeo 
651 7 |a Slovensko  |2 SNKPHgeo 
655 7 |a slovníky  |2 SNKPH 
919 |a 80-234-0009-6 
954 |a Rakúsko-Uhorsko  |x rozpad  |a odboj česko-slovenský  |a osobnosti významné  |x portréty biografické 
958 |a NB 
958 |a BX 
958 |a TL 
999 |c 3836  |d 3836